[Event "Hoogovens"]
[Site "Wijk aan Zee"]
[Date "1998.01.30"]
[Round "12"]
[White "Shirov, Alexei"]
[Black "Salov, Valery"]
[Result "0-1"]
[WhiteElo "2710"]
[BlackElo "2680"]
[Annotator "Salov,V"]
[PlyCount "72"]
[EventDate "1998.01.16"]
[EventType "tourn"]
[EventRounds "13"]
[EventCountry "NED"]
[EventCategory "17"]
[SourceTitle "CBM 063"]
[Source "ChessBase"]
[SourceDate "1998.03.26"]
[SourceVersion "1"]
[SourceVersionDate "1998.03.26"]
[SourceQuality "1"]

1. e4 {Khalifman Ftacnik} c5 2. Nf3 d6 3. d4 cxd4 4. Nxd4 Nf6 5. Nc3 a6 6. Be3
Ng4 7. Bg5 h6 8. Bh4 (8. Bc1 $5 {Khalifman Horvath,T} Nf6 9. Bc4) 8... g5 9.
Bg3 Bg7 10. Be2 h5 11. Bxg4 hxg4 12. O-O (12. Qd2 {Ftacnik} Nc6 13. Nxc6 bxc6
14. Nd1 (14. O-O Qa5 15. a3 Qc5 16. Rad1 Be6 17. Rfe1 Be5 18. Nd5 cxd5 19. exd5
Bxb2 20. Qxg5 Kf8 21. Rxe6 fxe6 22. Qxg4 Qxc2 23. dxe6 Bf6 {0-1 Anagnou,
K-Tzoumbas,A/Ikaros op 1995 (26)}) 14... Qb6 15. O-O Be6 16. c3 Qc5 17. Re1 Be5
18. b4 Bxg3 19. hxg3 Qe5 20. Qd4 f6 $13 {1/2-1/2 Moldovan,D-Popescu,C/ROM-chT
1993 (34)}) 12... Bxd4 $146 {Ftacnik: Somewhat dubious decision, black gives
up important dark square bishop. The compact pawn structure d6-e7-f6-g5 can be
undermined with white c pawn and the consequences will be dire. Khalifman:
Eine neue Idee.} (12... Nc6 $5 13. Nf5 Bxf5 14. exf5 Bxc3 (14... Qa5 15. Nd5
Be5 16. Bxe5 Nxe5 17. b4 Qd8 18. c4 f6 19. b5 Kf8 20. Re1 Qd7 21. Nb6 Qxf5 22.
Rxe5 dxe5 23. Nxa8 Kg7 24. Nc7 {1-0 Lanka,Z-Degraeve,J/Cappelle 1994 (25)}) 15.
bxc3 Ne5 (15... f6 {Ftacnik} 16. Qxg4 Qa5 17. Rab1 O-O-O 18. Rb3 Rd7 19. Rfb1
Rc7 20. f3 Qd5 21. Re1 Kb8 22. Bf2 {1/2-1/2 Mainka,R-Tischbierek,R/Baden
Baden-B 1992}) 16. Bxe5 (16. c4 Qc7 17. Rb1 f6 18. c5 Qxc5 19. Rxb7 Kf7 20.
Bxe5 Qxe5 21. h3 Qe4 22. Qb1 gxh3 23. Qb3+ d5 24. gxh3 g4 {1/2-1/2 Mainka,
R-Gallagher,J/Eupen op 1993 (32)}) 16... dxe5 17. Qxg4 f6 18. Qe4 $14 (18. Rfd1
Qc7 19. Qa4+ b5 20. Qb3 Rc8 21. a4 e4 22. g3 e3 23. fxe3 Qe5 24. Qe6 Qxe6 25.
fxe6 bxa4 26. Rxa4 Rxc3 27. Rxa6 O-O {1/2-1/2 O'Donnell,T-Gardner,R/CAN-ch
1994 (41)}) (18. g3 Qc7 19. Rab1 b5 20. c4 Kf7 21. Rb4 Qc5 22. cxb5 axb5 23. a4
bxa4 24. Rxa4 Qxc2 25. Rxa8 Rxa8 26. Qh5+ Kg7 27. Qg6+ Kf8 {1/2-1/2 Miranovic,
R-Ruck,R/HUN-chT1 1995}) 18... Qc7 19. Rab1 O-O-O 20. g3 Rd6 21. Rb4 Rhd8 22.
Kg2 Kb8 23. Rfb1 b6 24. a4 $6 (24. h3 {עg2} Ka7 25. Qe3 $14) (24. c4 $1 Qc5
25. Qe3 Qxe3 26. fxe3 Kc7 27. c5 Rd2+ 28. Kf3 b5 29. c4) 24... a5 $1 25. Rb5
Ka7 $13 {1-0 Apicella,M-Gallagher,J/France 1997 (37)}) 13. Qxd4 f6 $8 (13... e5
$4 14. Bxe5 Nc6 15. Qxd6 $18) 14. Nd5 Nc6 15. Qe3 (15. Qb6 $5 Qxb6 (15... Kf7
$5) 16. Nxb6 Rb8 17. c4 e5 18. Rad1 Ke7 19. Rd2 Be6 $14) 15... Be6 16. Nb6 $6 (
16. c4 $1) 16... Rb8 17. c4 Kf7 {Ftacnik: Black's position is quickly becoming
difficult, white enjoys lot of freedom in improving his forces.} (17... Bf7 {
Ftacnik} 18. Rad1) 18. c5 (18. Rfd1 $5 Qg8 $1 19. c5 dxc5 20. Nd7 Rd8 21. Nxc5
Rxd1+ 22. Rxd1 Qc8 $1 23. e5 $5 Rd8 $132) (18. Rad1 $5 {Ftacnik} Qf8 19. c5 Rd8
20. cxd6 Bxa2 21. f3 $1 $16) 18... dxc5 19. Qxc5 (19. Bxb8 {Ftacnik} Qxb6 (
19... Qxb8 20. Qg3 Qd8 21. Nd5 Nd4 22. Nc3 $16) 20. Bg3 Nd4 21. Rfc1 Qxb2 $132)
19... Qg8 20. f4 (20. Bxb8 Qxb8 21. g3 Ne5 22. Rfd1 Nf3+ 23. Kf1 Rxh2 24. Nd5
Qe5 $1 25. Qxe7+ Kg6 26. Qe8+ Kg7 27. Qe7+ $11) (20. Rad1 $5 Rd8 21. Nd5 $14)
20... gxf3 21. Rxf3 Rd8 22. Raf1 Qg6 (22... Bxa2 {Ftacnik} 23. e5 g4 24. R3f2
Rh6 25. exf6 exf6 26. Bh4 $16) 23. Nd5 $1 (23. e5 f5 $1 $15) 23... Qxe4 24.
Nxe7 $8 {Ftacnik: Shirov is playing with lot of phantasy, black is saved only
by small miracle.} (24. Nc3 $2 {Ftacnik} Qd4+ 25. Qxd4 Nxd4 26. R3f2 Bc4 $17) (
24. Nxf6 $5 {Ftacnik} Qd4+ (24... exf6 $4 {Khalifman} 25. Rxf6+ Ke8 26. Rf8+
$19) 25. Bf2 (25. Qxd4 Nxd4 26. Nd5+ Nxf3+ 27. Rxf3+ Kg6 28. Nxe7+ Kh5 $17)
25... Qxc5 26. Bxc5 Bxa2 27. Ne4+ Kg6 28. Rg3 Rd5 $15) 24... Qd4+ $1 (24...
Nxe7 $2 25. Rxf6+ Ke8 26. Re1 Qd5 27. Qe3 $18) 25. Bf2 (25. Qxd4 $2 {Ftacnik}
Nxd4 26. Rxf6+ Kxe7 $19) 25... Qxc5 26. Bxc5 Rh6 $138 (26... Nxe7 $2 {Ftacnik}
27. Rxf6+ $18) 27. h4 $2 {Ftacnik: White is trying very hard to win this game,
but he oversteps the line. Khalifman: Zu riskant gespielt.} (27. Nxc6 $11) (27.
Nf5 {Ftacnik} Bxf5 28. Rxf5 Ke6 29. R5f2 Ne5 $11) 27... gxh4 (27... Nxe7 {
Ftacnik} 28. hxg5 Rg6 29. Rxf6+ Kg8 30. Bxe7 $18) 28. Be3 (28. Nxc6 {Ftacnik}
bxc6 $15) 28... Ne5 $1 $15 29. R3f2 $6 (29. Bxh6 $142 Nxf3+ 30. Rxf3 Kxe7 31.
Bg7 $15 (31. Bg7 {Ftacnik} f5 $15)) 29... Rh5 $1 $17 30. Rxf6+ $6 (30. Ng6 $142
Ng4 $1 $17 (30... Ng4 {Ftacnik} 31. Nf4 Nxf2 $1 32. Nxh5 Ng4 33. Bf2 Rh8 34.
Nf4 Bxa2 $19)) (30. Nf5 {Ftacnik} Bxf5 (30... Ng4 31. Nh6+ Rxh6 32. Bxh6 Nxf2
33. Rxf2 $15) 31. Rxf5 Rxf5 32. Rxf5 Ng4 33. Bb6 Rd1+ 34. Rf1 Rd2 $17) 30...
Kxe7 31. Bc5+ Rd6 {Ftacnik: The refutation of the attack, white rooks are
badly lacking the squares.} (31... Kd7 {Ftacnik} 32. Rd1+ $14) 32. Bxd6+ Kxd6 {
Khalifman: Nun steht Schwarz mit zwei Leichfiguren für den Turm klar besser.}
33. b3 (33. Rd1+ {Ftacnik} Ke7 $19) 33... Rg5 $6 (33... Ng4 $19) 34. Rh6 Ke7 {
Khalifman: Ein Patzer, der unbestraft bleibt.} (34... h3 $1 35. Rf2 $1 (35.
Rff6 Kd5 36. Rxe6 Nf3+ 37. Kf2 hxg2 38. Rd6+ Kc5 $19) 35... Nd3 $1 36. Rff6
Rxg2+ 37. Kf1 Nc5 38. b4 Ke5 39. bxc5 Bc4+ 40. Ke1 h2 41. c6 $1 h1=R+ 42. Rxh1
Kxf6 $19) (34... Rg6 $142 {Khalifman} 35. Rxg6 (35. Rxh4 Bd5) 35... Nxg6 36.
Rf6 Ne7 $17 {/\ Nf5 und Schwarz hat alles unter Kontrolle.}) 35. Rxh4 Bd5 36.
Rf2 $4 {Khalifman: Stellt die Partie ein.} (36. Rh7+ Kd6 (36... Ke6 {Khalifman}
37. Rf2 $15) 37. Rf2 (37. Rf6+ {Ftacnik} Kc5 38. Rf2 $17) 37... Kc5 $17) 36...
Nf3+ 0-1

[Event "Sinquefield Cup 4th"]
[Site "Saint Louis"]
[Date "2016.08.07"]
[Round "3"]
[White "Topalov, Veselin"]
[Black "Vachier Lagrave, Maxime"]
[Result "1/2-1/2"]
[WhiteElo "2761"]
[BlackElo "2819"]
[Annotator "Schulz,Andre"]
[PlyCount "108"]
[EventDate "2016.08.05"]
[EventType "tourn"]
[EventRounds "9"]
[EventCountry "USA"]
[EventCategory "22"]
[SourceTitle "CBM 174"]
[Source "ChessBase"]
[SourceDate "2016.09.13"]
[SourceVersion "1"]
[SourceVersionDate "2016.09.13"]
[SourceQuality "1"]

1. e4 c5 2. Nf3 d6 3. d4 cxd4 4. Nxd4 Nf6 5. Nc3 a6 6. Be3 Ng4 7. Bc1 Nf6 8. f3
e5 9. Nb3 Be6 10. Be3 Be7 11. Qd2 O-O 12. O-O-O Nbd7 13. g4 b5 14. g5 (14. h4
Nb6 15. Qf2 Rb8 16. g5 Nfd7 17. f4 exf4 18. Bxf4 Rc8 19. Nd5 Nxd5 20. exd5 Bg4
21. Be2 Bxe2 22. Qxe2 Re8 23. Qf3 Qc7 24. Nd4 Nb6 25. Rhe1 Bf8 26. Rxe8 Rxe8
27. Nf5 Qc4 28. b3 Qb4 29. c3 Rc8 30. Rd3 Nxd5 31. Bd2 Nb6 32. Kb1 Qc5 33. Be3
Qc7 34. Qf4 Re8 35. h5 Re6 36. Kc2 Qc6 37. Bxb6 Qxb6 38. Rf3 Qb7 39. Ne3 Re4
40. Qg3 Re5 41. Qf4 Rxg5 42. h6 gxh6 43. Rf2 Qd7 44. Nf5 Qe6 {0-1 (42) Caruana,
F (2810)-Vachier Lagrave,M (2798) Dortmund 2016}) 14... b4 15. gxf6 bxc3 16.
Qxc3 Nxf6 17. Na5 Rc8 18. Nc6 Qe8 19. Nxe7+ Qxe7 20. Qa5 {Alles bestens
bekannte "Theorie". Hier gibt es noch fast 400 Partien in der
ChessBase-Datenbank.} Rc6 21. Rg1 Rfc8 22. Rg2 (22. c3 {ist der Hauptzug.})
22... Bh3 23. Rgd2 Bxf1 24. Rxf1 Qe6 25. Rff2 h6 {Eine Partie zwischen Anand
und Grischuk, 2011, endete hier.} 26. Kb1 Qh3 {[#]} 27. Rd3 $2 Rxc2 ({Eine 
(maschinell) verbesserte Version der Idee war:} 27... d5 28. exd5 Rxc2 29. Rxc2
Qf1+ 30. Bc1 Qxd3 31. Qd2 Qf5 $17) 28. Rxc2 Qf1+ 29. Bc1 Qxd3 30. Qd2 Qxc2+ 31.
Qxc2 Rxc2 32. Kxc2 Kf8 {Schwarz hat auch hier einen Bauern gewonnen, aber im
Endspiel hat Weiß Gegenspiel mit seinem Damenflügel-Freibauern.} 33. Kb3 Ke7
34. Kc4 Ke6 35. b4 d5+ 36. exd5+ Nxd5 37. Bd2 f5 38. b5 axb5+ 39. Kxb5 Kd6 40.
a4 g5 41. a5 f4 42. Kc4 Nc7 43. Bb4+ Ke6 44. h3 h5 45. Bc5 e4 46. fxe4 g4 47.
hxg4 hxg4 48. Kd3 Na6 49. Bd4 Nb4+ 50. Ke2 Na6 51. Kf2 Kd6 52. Kg2 Ke6 53. Kf2
Kd6 54. Kg2 Ke6 1/2-1/2

[Event "POL-ch"]
[Site "Poznan"]
[Date "2016.04.04"]
[Round "6"]
[White "Tomczak, Jacek"]
[Black "Swiercz, Dariusz"]
[Result "0-1"]
[WhiteElo "2603"]
[BlackElo "2665"]
[Annotator "Schulz,Andre"]
[PlyCount "184"]
[EventDate "2016.03.30"]
[EventType "tourn"]
[EventRounds "9"]
[EventCountry "POL"]
[EventCategory "15"]
[SourceTitle "CBM 172"]
[Source "ChessBase"]
[SourceDate "2016.05.12"]
[SourceVersion "1"]
[SourceVersionDate "2016.05.12"]
[SourceQuality "1"]

1. e4 c5 2. Nf3 d6 3. d4 cxd4 4. Nxd4 Nf6 5. Nc3 a6 6. Be3 e5 7. Nb3 Be6 8. f3
h5 9. Qd2 Nbd7 10. Nd5 Bxd5 11. exd5 g6 12. Na5 Qc7 13. Be2 Bg7 14. O-O e4 15.
c4 exf3 16. gxf3 O-O 17. Rac1 Rfe8 18. b4 {[#]} Rxe3 $5 {Schwarz bringt Würze
ins Spiel. Allerdings gibt es einen Vorgänger.} 19. Qxe3 Re8 20. Qd2 Bh6 (
20... Kh7 21. Nb3 Bh6 22. f4 Ne4 23. Qe1 Ndf6 24. Bd3 Qd7 25. Rc2 Qh3 26. Qd1
Bxf4 27. Qf3 Qxf3 28. Rxf3 Ng5 29. Rf1 Re3 30. Nc1 Ng4 31. c5 dxc5 32. bxc5 Re8
33. h4 Re3 34. hxg5 Rg3+ 35. Kh1 Rh3+ 36. Kg2 Rg3+ 37. Kh1 Rh3+ {1/2-1/2 (37)
Caruana,F (2844)-Gelfand,B (2748) Baku 2014}) 21. f4 ({Nach} 21. Qxh6 Rxe2 {
droht} 22. Z0 Qb6+ 23. c5 (23. Kh1 Qd4 {gefolgt von} 24. Z0 Qh4) 23... Qxb4 24.
Nb3 Qh4 $19) 21... Ne4 22. Qe1 Ndf6 23. Nb3 b5 24. Kh1 Qd7 25. cxb5 Nxd5 26.
Bf3 Nef6 27. Qf2 Qxb5 28. Qd4 Re3 $2 (28... Bxf4 29. a4 Qxb4 30. Qxb4 Nxb4 31.
Rc4 Nbd5 $11) 29. Bxd5 $6 ({Mit} 29. Rcd1 $1 Rxf3 30. Rxf3 Qe2 31. Rf2 $16 {
behielt Weiß mehr Vorteil.}) 29... Qxd5+ 30. Qxd5 Nxd5 31. f5 Re2 32. Nd4 Re4
33. Rc8+ Kg7 34. fxg6 Kxg6 35. Nf5 (35. Rd1 $5 Ne3 36. Rd3 Ng4 37. Kg2) 35...
Bf4 36. Nxd6 Bxd6 37. Rc6 $2 {Ein Versehen. So bekommt Weiß die Figur nicht
zurück.} (37. Rd8 Re6 38. Rd1 Bxh2 39. R1xd5 Be5 $16) 37... Re6 38. a3 ({Auf} 
38. Rd1 {folgt nun nämlich} Be7 39. Rxe6+ fxe6 $19) 38... Be5 39. Rxe6+ fxe6 {
Neue Situation: Statt Qualität mehr spielt Weiß nun mit Turm gegen zwei
Figuren.} 40. Rf8 Bb2 41. Ra8 Nc7 42. Ra7 Be5 43. a4 Kf5 44. a5 Bd6 (44... Ke4
45. b5 Nxb5 46. Rxa6 Kd5 $15) 45. b5 Nxb5 46. Rxa6 Bc5 47. Ra8 e5 48. Rb8 Na7
49. Rh8 Kg4 50. Rg8+ Kf4 51. Rh8 Kg4 52. Rg8+ (52. Kg2 $5 e4 53. h3+) 52... Kf3
53. Rh8 (53. Rd8 $5) 53... e4 54. Rxh5 Bd4 55. Rf5+ Ke2 56. Kg2 e3 57. h4 Kd3
58. Rf1 e2 59. Rh1 Bc3 60. Kf2 Bxa5 61. h5 Nc6 62. h6 Ne5 63. h7 Ng6 {Gerade
rechtzeitig.} 64. Ra1 Bc3 65. Rc1 Kd2 66. Rh1 (66. Rxc3 e1=Q+) 66... Bd4+ 67.
Kf3 e1=Q {Nun aber...} 68. Rxe1 Kxe1 69. h8=R Nxh8 {Und nun wollte Weiß aber
nach dieser wechselhaften Partie auch noch sehen, ob Schwarz mit Springer und
Läufer mattsetzen kann.} 70. Ke4 Bb2 71. Ke3 Ng6 72. Kd3 Ne5+ 73. Ke3 Bc3 74.
Ke4 Ke2 75. Kd5 Kd3 76. Kc5 Ke4 77. Kd6 Bb4+ 78. Ke6 Ng4 79. Kd7 Kd5 80. Kc7
Ne5 81. Kb6 Kc4 82. Kb7 Kb5 83. Kc7 Be7 84. Kb7 Bd6 85. Ka7 Kc6 86. Ka8 Nc4 87.
Ka7 Nb6 88. Ka6 Bb8 89. Ka5 Nd5 90. Ka4 Kc5 91. Kb3 Nb4 92. Kc3 Bf4 {Er kann
es.} 0-1

[Event "Amsterdam Batavia Grolsch 6th"]
[Site "Amsterdam"]
[Date "2014.02.21"]
[Round "1"]
[White "Van Delft, Merijn"]
[Black "L'Ami, Alina"]
[Result "0-1"]
[WhiteElo "2423"]
[BlackElo "2398"]
[Annotator "Schulz,Andre"]
[PlyCount "68"]
[EventDate "2014.02.21"]
[EventType "tourn"]
[EventRounds "9"]
[EventCountry "NED"]
[EventCategory "8"]
[SourceTitle "CBM 159 Extra"]
[Source "ChessBase"]
[SourceDate "2014.04.24"]
[SourceVersion "1"]
[SourceVersionDate "2014.04.24"]
[SourceQuality "1"]
[WhiteClock "0:02:24"]
[BlackClock "0:03:00"]

1. e4 c5 2. Nf3 d6 3. d4 cxd4 4. Nxd4 Nf6 5. Nc3 a6 6. Be3 e5 7. Nb3 Be6 8. h3
{Dieser Zug kam jünsgt wieder in Mode und wird z.B. gerne von Volokitin
angewandt.} ({Üblicher ist} 8. f3) 8... Nbd7 (8... Be7 9. f4 exf4 10. Bxf4 Nc6
11. Qe2 Nd7 12. O-O-O Nce5 13. Nd4 O-O 14. Nf5 Rc8 15. Nd5 Bxd5 16. Rxd5 Rc5
17. Qd2 Rxd5 18. Qxd5 Bg5 19. g3 Bf6 20. Be2 Nb6 21. Qxb7 Na4 22. Rd1 Qa5 23.
b4 Qd8 24. Rxd6 Qe8 25. Rxf6 Nc3 26. Ne7+ Kh8 27. Bxe5 {1-0 (27) Volokitin,A 
(2682)-Dragun,K (2543) Warsaw 2013}) 9. g4 Rc8 10. Qd2 h6 11. O-O-O b5 12. Kb1
({Die Stammpartie verlief vor mehr als einem halben Jahrhundert so:} 12. Bg2
Nb6 13. Bxb6 Qxb6 14. f4 Be7 15. Kb1 O-O 16. f5 Bc4 17. Bf3 b4 18. Nd5 Nxd5 19.
exd5 Bh4 20. f6 Bxf6 21. h4 Bxb3 22. axb3 Qd4 23. Qg2 Qf4 24. Be4 h5 25. Bf5 e4
26. Bxc8 Rxc8 27. g5 Be5 28. Rhe1 Qxh4 29. Rxe4 Qg3 30. Qxg3 Bxg3 31. Rxb4 Kh7
32. Rg1 h4 33. g6+ fxg6 34. Rg4 Re8 35. R4xg3 hxg3 36. Rxg3 Re5 37. c4 g5 38.
Kc2 Kg6 39. Kd3 a5 40. Rg1 Kf5 41. Rf1+ {1/2-1/2 (41) Kramer,G-Rossetto,H
Dubrovnik 1950}) 12... Be7 13. f4 b4 {Eine Neuerung.} ({Andere Beispiele:} 
13... exf4 14. Bxf4 Ne5 15. Qg2 Nfd7 16. Nd5 Bxd5 17. exd5 Bg5 18. Bg3 Bh4 19.
Nd4 Bxg3 20. Qxg3 g6 21. h4 Rc5 22. Bg2 Qf6 23. g5 hxg5 24. hxg5 Rxh1 25. Rxh1
Qg7 26. Rh4 Kd8 27. Qh3 Nc4 28. Qc3 Nde5 29. Nc6+ Kc7 30. b4 Nd3 31. Nd4 Qe5
32. bxc5 b4 33. Ne6+ fxe6 34. Qxe5 Na3+ 35. Ka1 Nxc2+ 36. Kb1 Na3+ 37. Ka1 Nc2+
{1/2-1/2 (37) Libiszewski,F (2520)-Edouard,R (2665) Linares 2013}) (13... Qc7
14. Bg2 b4 15. Nd5 Bxd5 16. exd5 O-O 17. Bf3 Nb6 18. Bxb6 Qxb6 19. h4 Rc4 20.
g5 Rxf4 21. gxf6 Bxf6 22. Qg2 Bxh4 23. Rdg1 Bg5 24. Nc1 Qe3 25. Rf1 e4 26. Be2
Rxf1 27. Rxf1 a5 28. Nb3 Ra8 29. Bb5 a4 30. Bc6 Ra7 31. Nc1 f5 32. Qe2 Qd4 33.
Rxf5 a3 34. c3 bxc3 35. bxc3 Qxc3 36. Nb3 Rf7 37. Rxf7 Kxf7 38. Bd7 g6 39. Be6+
Kg7 40. Bd7 h5 41. Be6 h4 42. Bg4 h3 43. Bxh3 Qxh3 44. Qxe4 Qf1+ 45. Kc2 Qf2+
46. Kd3 Qxa2 47. Qd4+ Kh7 48. Kc4 Qc2+ 49. Kb4 a2 50. Qa7+ Kh6 51. Qd4 Kh5 52.
Qh8+ Kg4 53. Qd4+ Kf5 54. Qh8 Bf6 55. Qh3+ Kf4 56. Qf1+ Kg5 57. Qg1+ Kh6 58.
Qe3+ g5 59. Qh3+ Kg6 60. Qe3 Qxb3+ 61. Kxb3 a1=Q 62. Qe8+ Kf5 63. Qe6+ Kf4 64.
Qxd6+ Qe5 {0-1 (64) Vavulin,M (2390)-Bajarani,U (2504) Moscow 2014}) (13... O-O
14. g5 hxg5 15. fxg5 Nh5 16. Rg1 Nb6 17. Qf2 Nc4 18. Bxc4 Rxc4 19. Nd2 Rxc3 20.
bxc3 Qa5 21. Nb3 Qxc3 22. Qd2 Qc6 23. g6 Qxe4 24. Rde1 Qc4 25. Bg5 Bxg5 26.
gxf7+ Bxf7 27. Rxg5 Rc8 28. Reg1 Qe6 29. Qg2 Qf6 30. Qg4 Rc4 31. Qd1 Rh4 32.
Qd3 Kh8 33. Rf5 Qe6 34. Qf3 Nf4 35. Rfg5 g6 36. R5g4 Rxh3 37. Rh1 Rxh1+ 38.
Qxh1+ Kg7 39. Rh4 Nh5 40. Qg1 Qf5 41. Qa7 Qf1+ 42. Kb2 Qf6 43. Rh2 d5 44. Rf2
Nf4 45. Nc5 g5 46. Qc7 e4+ 47. Kb1 e3 48. Rh2 e2 {0-1 (48) Matijevic,F (2164)
-Lindgren,P (2269) Maribor 2012}) 14. Nd5 Nxe4 15. Qxb4 Bxd5 16. Rxd5 Ng3 17.
Rg1 (17. fxe5 Nxe5 ({Günstig für Weiß ist} 17... Nxh1 18. exd6 Bg5 19. Bxa6
Rb8 20. Qe4+ Kf8 21. Bxg5 hxg5 22. Qxh1 $16) 18. Qa4+ Qd7 19. Qxd7+ Kxd7 20.
Rg1 Nxf1 21. Rxf1 Nc4 22. Bf4 Bf6 $11) 17... Nxf1 18. Rxf1 Qc7 19. Rc1 Qc6 20.
Rd3 d5 $5 {Schwarz nimmt das Tempo mit und opfert einen Bauern.} (20... O-O $11
) 21. Qd2 O-O ({Nicht} 21... d4 22. Bxd4 exd4 23. Nxd4 Qf6 24. Re1 O-O 25. Nf5
$18) 22. Rxd5 exf4 23. Bxf4 Nb6 24. Rh5 $2 {Hier ist der Turm deplatziert.} ({
Nach} 24. Rd3 Nc4 25. Qe2 Bf6 26. c3 a5 $15 {hat Schwarz genug Initative für
den Bauern.}) 24... Nc4 25. Qd5 Qf6 26. Be5 (26. Qd4 g5 {und der Turm h5 ist
ausgesperrt.}) 26... Qg6 27. Rf5 ({Es drohte} 27. Z0 Bg5 {mit der Idee} 28. Re1
Nxe5 29. Qxe5 Qxc2+ 30. Ka1 Bf6 $19) 27... Ne3 ({Gut war auch} 27... Rfd8 28.
Qb7 Bg5 $17) 28. Qd7 Bg5 ({Oder} 28... Nxf5 29. gxf5 Qg5 30. Qd3 Rfd8 $17) 29.
Rf2 $2 ({Erzwungen war} 29. Rxg5 hxg5 30. Bc3 $17) 29... Rfd8 30. Qb7 Nxc2 31.
Rfxc2 {Erlaubt einen hübschen Schluss.} Qxc2+ 32. Rxc2 Rd1+ 33. Rc1 Rdxc1+ 34.
Nxc1 Rxc1# 0-1

[Event "Sarajevo Bosnia 29th"]
[Site "Sarajevo"]
[Date "1999.05.17"]
[Round "1"]
[White "Leko, Peter"]
[Black "Shirov, Alexei"]
[Result "0-1"]
[WhiteElo "2694"]
[BlackElo "2726"]
[Annotator "Shirov,A"]
[PlyCount "88"]
[EventDate "1999.05.17"]
[EventType "tourn"]
[EventRounds "9"]
[EventCountry "BIH"]
[EventCategory "19"]
[SourceTitle "CBM 071"]
[Source "ChessBase"]
[SourceDate "1999.08.01"]
[SourceVersion "1"]
[SourceVersionDate "1999.08.01"]
[SourceQuality "1"]

1. e4 {Ftacnik} c5 2. Nf3 d6 3. d4 cxd4 4. Nxd4 Nf6 5. Nc3 a6 6. Be3 e5 7. Nb3
Be6 8. f3 Nbd7 9. g4 b5 10. Qd2 Nb6 11. g5 Nfd7 12. f4 $5 $146 (12. Nd5) 12...
g6 $1 (12... Nc4 $6 13. Bxc4 bxc4 (13... Bxc4 14. O-O-O $14) 14. f5 $1 cxb3 15.
fxe6 fxe6 16. axb3 $14) (12... exf4 13. Bxf4 $14) 13. O-O-O Nc4 $1 14. Bxc4 (
14. Qf2 Nxe3 15. Qxe3 exf4 16. Qxf4 h6 $5 {'=/+!' Ftacnik.}) 14... bxc4 15. Nd4
$5 {Ftacnik: 'Very daring, but white could also have played strance looking 15.
Na1'} (15. Na1 Rb8 $13) 15... exd4 16. Bxd4 f6 $1 (16... Rg8 17. Rhf1 (17. h4
$5) (17. h4 {Ftacnik} Bg4 18. Rdg1 Bf3 19. Rh3 Bh5 20. Nd5 $36) 17... Qa5 18.
Qg2 $5 $44) 17. gxf6 (17. f5 $5 Bf7 $1 (17... gxf5 18. exf5 Bxf5 19. Rhf1 Be6
20. gxf6 $13) 18. Bxf6 (18. gxf6 Ne5 $13) 18... Nxf6 (18... Be7 $5 $13) 19.
gxf6 Rb8 $1 (19... Qxf6 $2 20. e5 $3 Qxf5 (20... Qh4 21. Qg2) 21. Rhf1 (21.
exd6 Rd8 22. Rhf1 Qd7 23. Rde1+ Be7 24. Ne4 $18) 21... Qh3 22. Kb1 $40) 20. e5
(20. Qd4 {Ftacnik} Qb6 $17) 20... Qb6 $132) 17... Bh6 $1 (17... Nxf6 $2 18. f5
$1 Bf7 $140 19. Bxf6 Qxf6 20. e5 $3) 18. f7+ $1 (18. h4 Nxf6 $1 19. h5 gxh5 $1)
(18. Qf2 Nxf6 19. Qh4 Bg7) 18... Kxf7 19. Be3 $2 {'?!' Ftacnik. Ftacnik:
'Strange modesty in a very sharp position. It was compulsory to take the rook
with unclear consequences. '} (19. Bxh8 Qxh8 (19... Qh4 $2 {Ftacnik} 20. Bd4
Bxf4 21. Rdf1 g5 22. Be3 $18) 20. Rhf1 $1 (20. Qxd6 Qb8 $1 21. Rhf1 Qxd6 22.
Rxd6 Ke7 $15) (20. Kb1 {Ftacnik} Qb8 21. Rhf1 Qb7 22. Qxd6 Rb8 $13) 20... Rb8
21. Qxd6 Qc8 22. Nd5 Bf8 23. Qc7 Qxc7 24. Nxc7 Bg4 $13) 19... Bg4 $1 20. Qd5+
Kg7 $1 (20... Be6 $2 21. Qd2 $11) (20... Ke8 {Ftacnik} 21. Rd2 Bg7 22. Qxd6
Bxc3 23. bxc3 $17) 21. Bd4+ (21. Qxd6 Nf6) (21. Rd2 {Ftacnik} Nf6 22. Qxc4 (22.
Qb7+ Qd7 23. Qxd7+ Bxd7 24. Rxd6 Bh3 25. Rd4 Rhe8 26. Rxc4 Bg2 27. Rd1 Re7 $17)
22... Qe7 $15) 21... Nf6 22. Qb7+ Qd7 23. Qxd7+ (23. Bxf6+ Kxf6 24. Rxd6+ Qxd6
25. e5+ (25. Nd5+ Ke6 26. Nc7+ Kf7 $19) 25... Qxe5 26. Nd5+ (26. Ne4+ Ke6 $19)
26... Qxd5 27. Qxd5 Rhd8 $5 $17 {'-/+' Ftacnik.}) 23... Bxd7 24. Nd5 (24. Kb1 {
Ftacnik} Kf7 (24... Bxf4 25. Nd5 Be5 26. Bxe5 dxe5 27. Nxf6 $11) 25. e5 Bg4 26.
exf6 Bxd1 27. Rxd1 Bxf4 $19) 24... Rhf8 25. Rhf1 $2 {Ftacnik: 'Another mistake,
now black manages to get a great advantage.'} (25. Kb1 $142 Bg4 26. Nxf6 $1
Rxf6 (26... Bxd1 $4 27. Ng4+) 27. Bxf6+ Kxf6 28. Rxd6+ Ke7 $15 {'-/+' Ftacnik.}
) 25... Bh3 $1 26. Rf2 (26. Nxf6 {Ftacnik} Rxf6 27. Bxf6+ Kxf6 28. Rxd6+ Ke7
$19) 26... Rad8 $17 27. b3 Be6 28. Nxf6 Rxf6 29. Kb2 Kf7 30. Bxf6 Kxf6 {
Ftacnik: 'Two bishops are strong compensation in the fight against the rook,
white has only one spare pawn.'} 31. Kc3 (31. e5+ {Ftacnik} Ke7 32. c3 cxb3 33.
axb3 Rb8 34. exd6+ Kd7 35. b4 Bg7 $1 36. f5 Bxf5 37. Kb3 Be6+ 38. Kc2 Rb6 $19)
31... Rc8 $1 32. Kb4 (32. b4 Ke7 $17) (32. Rxd6 {Ftacnik} cxb3+ 33. Kb2 bxa2
$19) 32... Bf8 33. Ka5 Rc6 34. Rfd2 (34. b4 {Ftacnik} Be7 $17) 34... Be7 35.
Rd4 Bd8+ 36. Ka4 Ke7 37. f5 (37. e5 $5 {Ftacnik} Bc7 38. exd6+ Bxd6 39. b4 $17)
37... gxf5 38. exf5 Bxf5 39. Re1+ Kd7 40. Rxc4 Rxc4+ 41. bxc4 Bxc2+ 42. Kb4 Bg6
$1 $19 43. c5 $2 d5 44. c6+ Kd6 0-1